| 000 | 00734nam a2200217Ia 4500 | ||
|---|---|---|---|
| 003 | GCL | ||
| 008 | 140319s9999 xx 000 0 ara d | ||
| 040 |
_aGCL / _cGCL |
||
| 082 | 0 | 4 |
_a239.8 _bع س |
| 100 | 1 | _aعائشة عبدالرحمن | |
| 245 | 1 | 0 |
_aالسيدة زينب : _bعقيلة بنى هاشم رضى الله عنها / _cعائشة عبدالرحمن |
| 260 |
_aبيروت : _bدار الكتاب العربى ، _c1983 |
||
| 300 |
_a169 ص ؛ _c24 سم |
||
| 490 | _a | ||
| 650 | 0 | 4 | _aالتراجم |
| 650 | 0 | 4 | _aالاسلام - تراجم |
| 650 | 0 | 4 | _aابناء النبى |
| 650 | 0 | 4 | _aالسيدة زينب |
| 650 | 0 | 4 | _aاهل بيت الرسول صلى الله عليه وسلم |
| 942 |
_2ddc _cBK |
||
| 999 |
_c38707 _d38707 |
||